Šibi - ribi, mastné ryby

Bibliographic Details
Other Authors: Bednár, Štefan, 1909-1976 (Illustrator)
Format: Article
Language:Slovak
PhysicalDescription:Obr.
Subjects:

MARC

LEADER 00000nab a22000001a 4500
001 vtls008990799
003 SK-MaSNL
005 20260304215044.0
008 070518d1926 xo |r|p|||| |000 b|slo
015 |a SNBRRBVU1918-1938 
038 |a SNKBUCL 
038 |a SNKBUVU 
040 |a SNKBUVU  |b slo  |c SNKBUCL  |e AACR2 
041 0 |a slo 
044 |a xo  |c SK 
080 |a 75.05(084.1)  |2 1997 
080 |a 398.9  |2 1997 
245 0 0 |a Šibi - ribi, mastné ryby  |c [ilustr.] Štefan Bednár 
300 |b Obr. 
650 0 7 |a ilustrácie  |2 MM  |9 2743 
655 7 |a slovenské riekanky  |2 snkbucl  |9 551969 
700 1 |a Bednár, Štefan,  |d 1909-1976   |4 ill  |9 38371 
773 0 |t Včelka  |g Roč. 2, č. 8 (1926-27), s. 113 
852 |a SNK  |b KIS3GCP 
910 |a snkrbvumm 
958 |a VY 
999 |c 3144513  |d 3146443